000 01085nam a2200277 i 4500
001 10351
003 ES-MaACL
005 20230906145854.0
007 t|
008 950518s1989 sp a c |||| | spa d
080 _a325.254(46:72)"1939/1989"
080 _a061.43(725.2 M.)"1989":75(46)"19"
080 _a75(46)"19"
245 0 0 _aObra plástica del exilio español en México 1939/1989
_b: [catálogo de la] exposición presentada por el Ateneo Español de México, en el Museo de San Carlos, México, D.F., septiembre/octubre de 1989.
260 _a[México, D.F.] :
_bAteneo Español de México,
_c[1989]
300 _a62 p. :
_bil. ;
_c27 cm.
500 _aEn cub.: 50 aniversario del exilio español.
650 1 4 _aExiliados españoles-
_zMéxico.
_912674
650 4 _aPintura española-
_yS.XX-
_vExposiciones.
_916043
655 7 _2tgfbne
_9193628
_aCatálogos de exposiciones
710 2 _aMuseo de San Carlos (México)
_9160014
710 2 _aAteneo Español de México.
_92039
852 _aES-MaACL
_jL-17821
942 _2udc
999 _c10351
_d10351